书目信息 |
| 题名: |
中国德治思想与政治实践
|
|
| 作者: | 任福全 , 吴德义 , 左守秋 著 | |
| 分册: | ||
| 出版信息: | 北京 中央编译出版社 2012.03 |
|
| 页数: | 218页 | |
| 开本: | 24cm | |
| 丛书名: | ||
| 单 册: | ||
| 中图分类: | B82-051 | |
| 科图分类: | ||
| 主题词: | 政治伦理学--研究--中国 , 政治伦理学 | |
| 电子资源: | ||
| ISBN: | 978-7-5117-1193-9 | |
| 000 | 01051nam0 2200277 450 | |
| 001 | 012001002811 | |
| 005 | 20140926114740.0 | |
| 010 | @a978-7-5117-1193-9@dCNY46.00 | |
| 100 | @a20120815d2012 em y0chiy50 ea | |
| 101 | 0 | @achi |
| 102 | @aCN@b110000 | |
| 105 | @ay z 000yy | |
| 106 | @ar | |
| 200 | 1 | @a中国德治思想与政治实践@9zhong guo de zhi si xiang yu zheng zhi shi jian@dOn Chinese moral thought and political practice@f任福全,吴德义,左守秋著@zeng |
| 210 | @a北京@c中央编译出版社@d2012.03 | |
| 215 | @a218页@d24cm | |
| 330 | @a本书分为中国古代德治思想的演变与政治实践、中国现代德治思想的演变与政治实践、新时期社会主义道德建设的着眼点与着力点上中下三篇内容。 | |
| 510 | 1 | @aOn Chinese moral thought and political practice@zeng |
| 606 | 0 | @a政治伦理学@x研究@y中国 |
| 606 | 0 | @a政治伦理学 |
| 690 | @aB82-051@v5 | |
| 701 | 0 | @a任福全@9ren fu quan@f(1953-)@4著 |
| 701 | 0 | @a吴德义@9wu de yi@f(1964-)@4著 |
| 701 | 0 | @a左守秋@9zuo shou qiu@f(1964-)@4著 |
| 801 | 0 | @aCN@b上海新华@c20180901 |
| 905 | @b1161541-5@dB82-051@e1238@f5 | |
| 中国德治思想与政治实践=On Chinese moral thought and political practice/任福全,吴德义,左守秋著.-北京:中央编译出版社,2012.03 |
| 218页;24cm |
| ISBN 978-7-5117-1193-9:CNY46.00 |
| 本书分为中国古代德治思想的演变与政治实践、中国现代德治思想的演变与政治实践、新时期社会主义道德建设的着眼点与着力点上中下三篇内容。 |
| ● |
| 相关链接 |
|
|
|
|
正题名:中国德治思想与政治实践
索取号:B82-051/1238
 
预约/预借
| 序号 | 登录号 | 条形码 | 馆藏地/架位号 | 状态 | 备注 |
| 1 | 1161541 | 211615411 | 第一样本阅览室/ [索取号:B82-051/1238] | 在馆 | |
| 2 | 1161542 | 211615420 | 密集书库-文学院/ [索取号:B82-051/1238] | 在馆 | |
| 3 | 1161543 | 211615439 | 中国特色社会主义理论体系唐师研究基地/ [索取号:B82-051/1238] | 在馆 | |
| 4 | 1161544 | 211615448 | 第一借阅区/ [索取号:B82-051/1238] | 在馆 | |
| 5 | 1161545 | 211615457 | 第一借阅区/ [索取号:B82-051/1238] | 在馆 |